[Event "Anapa Sea Harbor Cup"]
[Site "Anapa"]
[Date "2021.06.05"]
[Round "4"]
[White "Moiseenko, Vadim"]
[Black "Eremkin, Igor A"]
[Result "1/2-1/2"]
[WhiteElo "2549"]
[BlackElo "1242"]
[PlyCount "35"]
[EventDate "2021.06.02"]
[EventType "swiss"]
[EventRounds "9"]
[EventCountry "RUS"]
[SourceTitle "CBM 202 Extra"]
[Source "ChessBase"]
[SourceDate "2021.07.31"]
[SourceVersion "1"]
[SourceVersionDate "2021.07.31"]
[SourceQuality "1"]

1. d4 d5 2. Nf3 Nf6 3. Bf4 Bg4 4. Nbd2 Nbd7 5. c4 dxc4 6. Qa4 c6 7. Qxc4 e6 8. e3 Bxf3 9. gxf3 Qb6 10. 0-0-0 c5 11. Nb3 cxd4 12. Bc7 Qb4 13. Qxb4 Bxb4 14. Rxd4 Bc5 15. Nxc5 Nxc5 16. Bb5+ Ncd7 17. Rhd1 Rc8 18. Bxd7+ 1/2-1/2